Izbrannoe v dvukh tomakh /

Bibliographic Details
Main Author: Amlinskiĭ, Vladimir, 1935-
Format: Book
Language:Russian
Published: Moskva : Detskai︠a︡ lit-ra, 1987.

MARC

Tag First Indicator Second Indicator Subfields
LEADER 00000cam a2200000Ia 4500
001 in00001767607
005 20151025095010.0
008 881027s1987 ru ac 000 1 rusod
035 |a (OCoLC)ocm18675860 
040 |a SSG  |c SSG  |d TXA  |d UtOrBLW 
049 |a TXAM 
090 |a PG3478.M5  |b A14 1987 
100 1 |a Amlinskiĭ, Vladimir,  |d 1935- 
240 1 0 |a Works.  |k Selections.  |f 1987 
245 1 0 |a Izbrannoe v dvukh tomakh /  |c Vladimir Amlinskiĭ ; [khudozhniki L. i V. Mitchenko]. 
264 1 |a Moskva :  |b Detskai︠a︡ lit-ra,  |c 1987. 
300 |a 2 volumes :  |b illustrations, portrait ;  |c 21 cm. 
336 |a text  |b txt  |2 rdacontent 
337 |a unmediated  |b n  |2 rdamedia 
338 |a volume  |b nc  |2 rdacarrier 
948 |a cataloged  |b h  |c 2003/9/12  |d c  |e tchubaryan  |f 10:27:45 am 
949 |a updated  |b h  |c 2003/9/12  |e tchubaryan  |f 10:27:52 am 
994 |a E0  |b TXA 
999 |a MARS 
999 f f |s c48ce219-473a-39b2-a96b-1337cca09d14  |i 4bbc0b9f-9d91-3292-9fe7-72dabaa883a6  |t 0 
952 f f |p ric  |a Texas A&M University  |b Rellis Campus  |c Joint Library Facility  |d Remote Storage  |t 0  |e PG3478.M5 A14 1987  |h Library of Congress classification  |i unmediated -- volume  |k t.2  |m A14830481712 
998 f f |a PG3478.M5 A14 1987  |s t.2  |t 0  |l Remote Storage